Savia Andina : (Registro nro. 37030)

Detalles MARC
000 -CABECERA
Longitud fija campo de control 00710nam a22002177a 4500
003 - • IDENTIFICADOR DELl NÚMERO DE CONTROL
Identificador del número de control CO-ViMGA
008 - • CÓDIGOS DE INFORMACIÓN DE LONGITUD FIJA
Códigos de información de longitud fija 180303 2017 000e 0 spa d ck
020 ## - • NÚMERO INTERNACIONAL NORMALIZADO PARA LIBROS
Número Internacional Normalizado para Libros (ISBN) 9789585825031
040 ## - FUENTE DE LA CATALOGACIÓN
Centro catalogador de origen CO-ViMGA
Lengua de catalogación spa
Centro transcriptor CO-ViMGA
082 04 - • NÚMERO DE LA CLASIFICACIÓN DECIMAL DEWEY
Número de clasificación (R) 581.9861
Número del ítem S267sa1
245 10 - • TITULO PROPIAMENTE DICHO
Título Savia Andina :
Resto del título Inventario Botánico de la Región /
Mención de responsabilidad, etc. Patricia Nieto.. [Et al]
300 ## - • DESCRIPCIÓN FÍSICA
Extensión 175 p.
Otras características físicas bil., color
490 ## - • MENCIÓN DE SERIE
Mención de serie Savia
Designación de volumen o secuencia 5
500 ## - • NOTA GENERAL
Nota general Incluye indice onomástico
650 14 - • PUNTO DE ACCESO ADICIONAL DE MATERIA - TÉRMINO DE MATERIA
Término de materia o nombre geográfico como elemento inicial Botánica
Subdivisión geográfica Colombia
650 14 - • PUNTO DE ACCESO ADICIONAL DE MATERIA - TÉRMINO DE MATERIA
Término de materia o nombre geográfico como elemento inicial Botánica
Subdivisión geográfica Región Andina (Colombia)
650 14 - • PUNTO DE ACCESO ADICIONAL DE MATERIA - TÉRMINO DE MATERIA
Término de materia o nombre geográfico como elemento inicial Taxonomía Vegetal
Subdivisión geográfica Región Andina (Colombia)
700 1# - • PUNTO DE ACCESO ADICIONAL - NOMBRE DE PERSONA
Nombre de persona Nieto, Patricia
942 ## - ENTRADA DE ELEMENTOS AGREGADOS (KOHA)
Fuente de clasificaión o esquema Dewey Decimal Classification
Koha [por defecto] tipo de item LIbro
Existencias
Perdido Fuente de clasificación o esquema Estado Físico No para préstamo Forma de adquisición Localización permanente Localización actual Fecha adquisición Coste, precio normal de compra Préstamos totales Signatura completa Código de barras Fecha última consulta Fecha del precio de reemplazo Tipo de item de Koha Localización en estanterías Serie de enumeración / cronolog&íacute;a Número de copia Note pública
  Dewey Decimal Classification     Colección General Biblioteca Pública Puerto López - Jorge Eliecer Gaitán Biblioteca Pública Puerto López - Jorge Eliecer Gaitán 06/25/2025     581.9861 S267sa1 PLZ02446 06/25/2025 06/25/2025 LIbro General   Ej.1  
  Dewey Decimal Classification     Colección General Biblioteca Pública San Carlos de Guaroa - Eduardo Carranza Biblioteca Pública San Carlos de Guaroa - Eduardo Carranza 08/21/2025     581.9861 S267sa1 SG04133 08/21/2025 08/21/2025 LIbro General   Ej.1  
        Sala de Referencia Maruja Hernández de Gil Biblioteca Pública Departamental Eduardo Carranza - Villavicencio Biblioteca Pública Departamental Eduardo Carranza - Villavicencio 01/03/2018     R 580.986 S18a ECA26252 11/26/2024 11/26/2024 LIbro Referencia   Ej.1 19717 | 25291
        Sala de Referencia Maruja Hernández de Gil Biblioteca Pública Departamental Eduardo Carranza - Villavicencio Biblioteca Pública Departamental Eduardo Carranza - Villavicencio 01/03/2018     R 580.986 S18a ECA26251 11/26/2024 11/26/2024 LIbro Referencia Vol. Tomo 5 Ej.1 19717 | 25290
  Dewey Decimal Classification     Sala General Segundo Piso Biblioteca Pública Germán Arciniegas - Villavicencio Biblioteca Pública Germán Arciniegas - Villavicencio 09/01/2019 5000.00   581.9861 S267sa1 331348 05/18/2018 05/18/2018 LIbro        
  Dewey Decimal Classification     Colección General Biblioteca Pública Guamal Biblioteca Pública Guamal 10/29/2024     581.9861 S267sa1 GUA004378 10/29/2024 10/29/2024 LIbro General Tomo V Ej.1  
  Dewey Decimal Classification       Biblioteca Pública La Macarena Biblioteca Pública La Macarena 02/19/2026     581.9861 S267sa1 LM03355 02/19/2026 02/19/2026 LIbro General   Ej.1  









Instituto Departamental de Cultura del Meta - Red Departamental de Bibliotecas Públicas del Meta.